00621 2200169 4500245002300000020002200023250001100045100001000056650001600066005001900082260002800101041001400129084000800143300002300151500026800174336000900442 a17.17cShevahText a978-602-375-377-2 aCet. 1 aSheva aNovel Fiksi a20231006133510 aJakartabGrasindoc2016 aIndonesia a813 a183 hlm. :cillus. aaku senang melihat angka-angka berdampingan dengan selaras, ketika ada banyak probabilitas yang bisa menunjukan angka yang berbeda. pada akhirnya ada angkat yang sama bertempu pada satu titik. sebelas dengan sebelas. nol dengan nol. tujuh belas dengan tujuh belas atext